| 000 | 00684cam a2200241 4500 | ||
|---|---|---|---|
| 001 | B2447 | ||
| 008 | 090401t1989 xxu||||| |||| 00| 0 eng d | ||
| 035 | _a(Sirsi) u50059 | ||
| 041 | _aeng | ||
| 050 | _a692.809415 | ||
| 110 |
_aSociety of Chartered Surveyors in the Republic of Ireland _91971 |
||
| 245 | _aIrish building and engineering case law | ||
| 260 |
_aDublin _bSociety of Chartered Surveyors _c1989 |
||
| 300 | _axii,595p. ; 30cm. | ||
| 350 | _a7.2 | ||
| 650 | _aBUILT ENVIRONMENT-BUILDING CONTRACT FORMS | ||
| 650 | _aEIRE | ||
| 650 | _aENGINEERING CONTRACTS | ||
| 650 | _aLAW CASES | ||
| 700 |
_aLyden, John M.E. _xEditor |
||
| 942 | _n0 | ||
| 948 | _c04/03/1997 | ||
| 999 |
_c92652 _d92652 |
||